000 00886nam a22002535a 4500
005 20090515161819.0
008 090303s2009 ii a g bs 001 0 eng d
010 _aENG-93537
020 _c300.00
035 _aEN-77070
037 _bDBAD / PUB
040 _adpl
_bEnglish
082 _a330.079
100 _aMehta, Shashi
245 _aNobel prize winners economics /
_cby Shashi Mehta
260 _aDelhi
_bAmrit Prakashan
_c2009
270 _a485-A/3, Bhola Nath Nagar, Shahdra,
_bDelhi
_e110032
300 _a184p. :
_c23cm(Hb)
_bb&w photos
650 _aEconometrics.
650 _aNobel Prizes.
650 _aNobel prize winners.
942 _2ddc
_cEN
_mMEH
_h330.079
999 _c26449
_d26449